|
|
|
|
| LEADER |
00691nam a22001931a 4500 |
| 020 |
|
|
|a 9788185244570
|c 0.00
|
| 040 |
|
|
|a SSUS - Library - Kalady
|
| 082 |
|
|
|a H301 09
|b REK/V
|
| 100 |
|
|
|a Rekha Sethi
|
| 245 |
|
|
|a Vyakthi aur vyavastha : swatantryottar hindi kahani ka sandarbh
|h [Text]
|
| 260 |
|
|
|a New Delhi
|b Hindi book centre
|c 2001
|
| 300 |
|
|
|a 155p.
|
| 600 |
|
|
|a Literature Hindi
|
| 600 |
|
|
|a Literature
|
| 600 |
|
|
|a Stories Hindi Criticism
|
| 852 |
|
|
|h H301 09
|i REK/V
|p 041837
|9 200.00
|t 0
|
| 942 |
|
|
|c BK
|
| 999 |
|
|
|c 50517
|d 50517
|
| 952 |
|
|
|0 0
|1 0
|4 0
|6 H_301_090000000000000_REK_V
|7 0
|9 73636
|a SSUS
|b SSUS
|d 2015-01-08
|g 200.00
|l 10
|m 1
|o H301 09 REK/V
|p 041837
|r 2019-06-27
|s 2019-06-14
|v 0.00
|w 2015-01-08
|y BK
|